| 000 | 00752cam a2200193 4500 | ||
|---|---|---|---|
| 001 | WB3616-12 | ||
| 008 | 000000n2000 000 0 eng u | ||
| 035 | _a(Sirsi) u105573 | ||
| 245 | _aBetter access to rented property guidance needed | ||
| 260 | _c2000 | ||
| 490 |
_aDETR News Release _v(324) 19 April 2000(3) |
||
| 520 | _aThe Planning Minister, Nick Raynsford, asks the property industry and professionals to give small businesses better access to guidance on rented property, in the light of findings on the impact of the Code of practice on commercial property leases. | ||
| 590 | _aWB | ||
| 650 | _aSMALL BUSINESSES | ||
| 650 | _aRENTED PROPERTY | ||
| 650 | _aCOMMERCIAL LEASES | ||
| 690 | _aPROPERTY-COMMERCIAL PROPERTY | ||
| 942 | _n0 | ||
| 999 |
_c63258 _d63258 |
||